000 00484nam a22001697a 4500
005 20180205154505.0
008 160428b xxu||||| |||| 00| 0 eng d
020 _a81-7722229-5
041 _aeng
082 _b00660
_a005.1
100 _aGupta, Vikas
_9120
245 _aComdex: Computer Programming Course kit:
_brevolutionary3-stage self -learning system (book+CD)
260 _aNew Delhi
_bDreamtech,
_c2002
300 _a608
650 _aInformation Technology
_9137
942 _cBK
999 _c190
_d190